| 000 | 02094nam0a2200409 4500 | ||
|---|---|---|---|
| 001 | RU\NLR\BIBL_A\011321206 | ||
| 005 | 20230403142801.0 | ||
| 010 |
_a978-5-09-050185-9 _971 |
||
| 021 |
_aRU _b2017-90874 _96499 |
||
| 021 |
_aRU _b2016-102804 _96852 |
||
| 035 | _a(NLR Aleph) 011321206 | ||
| 090 |
_a11079406 _c11079406 |
||
| 100 | _a20170206d2016 u y0rusy50 ca | ||
| 101 | 0 |
_arus _agiy |
|
| 102 | _aRU | ||
| 105 | _ay e 000zy | ||
| 200 | 1 |
_aСловарь нивхско-русский и русско-нивхский (амурский диалект) _eоколо 4000 слов _eучебное пособие для общеобразовательных организаций _fЧ.М. Таксами |
|
| 205 | _a3-е изд., перераб. | ||
| 210 |
_aСанкт-Петербург _cФилиал изд-ва "Просвещение" _cПросвещение _d2016 |
||
| 215 |
_a212, [2] с. _d22 |
||
| 225 | 1 | _aЯзыки народов Севера, Сибири и Дальнего Востока | |
| 300 | _aЗагл. обл.: Нивхско-русский русско-нивхский словарь | ||
| 300 | _aИзд. за счет средств Хабар. края | ||
| 512 | 1 | _aНивхско-русский русско-нивхский словарь | |
| 606 | 1 |
_aНивхский язык _xСловари _xРусский язык _91725307 _3RU\NLR\AUTH\66770389 |
|
| 606 | 1 |
_aРусский язык _xСловари _xНивхский язык _91537863 _3RU\NLR\AUTH\66971532 |
|
| 606 | 1 |
_aНивхский язык _jСловари _xАмурский диалект _92595281 _3RU\NLR\AUTH\661533468 |
|
| 686 | 1 | _aШ175.35-491перев | |
| 686 | 1 | _aШ141.12-491перев | |
| 700 | 1 |
_4070 _7ca _8rus _aТаксами _bЧ. М. _f1931-2014 _gЧунер Михайлович _9254438 _3RU\NLR\AUTH\770254494 |
|
| 852 |
_aNLR _bОНЛ _jНивх./3-23 |
||
| 942 | _cBOOK | ||
| 980 | _aSCAN_REQUEST | ||
| 980 | _aNB | ||